Geografía de los mares (Registro nro. 3100)

Detalles MARC
000 -LEADER
fixed length control field 00918 a2200193 4500
001 - CONTROL NUMBER
control field 39719
005 - DATE AND TIME OF LATEST TRANSACTION
control field 20260407155654.0
008 - FIXED-LENGTH DATA ELEMENTS--GENERAL INFORMATION
fixed length control field 260407a1972 arg spa d
003 - CONTROL NUMBER IDENTIFIER
control field AR-UNSa-BCEJYS
040 ## - CATALOGING SOURCE
Original cataloging agency AR-UNSa-BCEJYS
Language of cataloging spa
Transcribing agency AR-UNSa-BCEJYS
080 ## - UNIVERSAL DECIMAL CLASSIFICATION NUMBER
Universal Decimal Classification number 911.2:556
Common auxiliary subdivision Hidrogeografía
100 1# - MAIN ENTRY--PERSONAL NAME
Personal name Doumenge, François
245 10 - TITLE STATEMENT
Title Geografía de los mares
264 #1 - PRODUCTION, PUBLICATION, DISTRIBUTION, MANUFACTURE, AND COPYRIGHT NOTICE
Place of production, publication, distribution, manufacture Barcelona :
Name of producer, publisher, distributor, manufacturer Ariel
Date of production, publication, distribution, manufacture, or copyright notice 1972
300 ## - PHYSICAL DESCRIPTION
Extent 329 p.
Dimensions 21 cm.
505 ## - FORMATTED CONTENTS NOTE
Formatted contents note Parte I: El medio físico y biológico: 1. Los océanos y los mares - 2. La vida marina - Parte II: El Mar, fuente de riquezas : 1. Pesca y caza en el mar - 2. La mar nuticia - 3. La agricultura del mar - 4. Los productos minerales de origen marino - Parte III: El Mar, vínculo entre los pueblos y reino del esparcimiento : 1. La flota mundial - 2. La navegación marítima - 3. El turismo costero y marítimo.
590 ## - LOCAL NOTE (RLIN)
Local note niveau_biblio:m niveau_hierar:0
942 ## - ADDED ENTRY ELEMENTS (KOHA)
Koha item type
Existencias
Withdrawn status Lost status Damaged status Not for loan Home library Current library Shelving location Date acquired Total checkouts Full call number Barcode Date last seen Price effective from Koha item type
        Biblioteca Prof. Eusebio Cleto del Rey Biblioteca Prof. Eusebio Cleto del Rey   07/04/2026   911.2:556 D726 L28738 07/04/2026 07/04/2026 Libro
        Biblioteca Prof. Eusebio Cleto del Rey Biblioteca Prof. Eusebio Cleto del Rey   07/04/2026   911.2:556 D726 L28739 07/04/2026 07/04/2026 Libro